Clinics in liver disease : Hepatic imaging and intervention

This book includes many parts: hepatic imaging, ultrasonography of the liver, current techniques of computed tomography, magnetic resonance imaging, ...

שמור ב:
מידע ביבליוגרפי
פורמט: ספר
שפה:Undetermined
יצא לאור: Philadelphia Saunders 2002
נושאים:
תגים: הוספת תג
אין תגיות, היה/י הראשונ/ה לתייג את הרשומה!
Thư viện lưu trữ: Trung tâm Học liệu Trường Đại học Cần Thơ
LEADER 00675nam a2200193Ia 4500
001 CTU_189505
008 210402s9999 xx 000 0 und d
082 |a 616.3 
082 |b C641/Vol.6 
245 0 |a Clinics in liver disease : 
245 0 |b Hepatic imaging and intervention 
245 0 |c Pablo R. Ros (editor) 
260 |a Philadelphia 
260 |b Saunders 
260 |c 2002 
520 |a This book includes many parts: hepatic imaging, ultrasonography of the liver, current techniques of computed tomography, magnetic resonance imaging, ... 
650 |a Liver diseases,Bệnh gan 
904 |i Trúc 
980 |a Trung tâm Học liệu Trường Đại học Cần Thơ